02163nam a2200469 i 450000100060000000300020000600500170000800600190002500700150004400800410005902000270010002000280012703500220015504000310017705000250020808000140023308200220024710000450026924502340031426400500054830000410059833600310063933700330067033800430070349000680074650000480081450000220086250400420088458800830092659001620100965000760117165000770124765000770132465500290140170000420143070000430147279700180151583000690153385600630160294200110166599900170167679129020241217151525.0m o d | cr cnu||||||||230301s2022 ck ob 001 0 spa d a9789587465587q(print) a9789587465594q(e-book) a(OCoLC)1373950410 aFINmELBbspaerdacFINmELB 4aLB2806.15bG643 2022 a373.5.01604a375.0010986112231 aGonzález Monroy, Luis Alfredo,eautor.10aTerritorios anfibios del Caribe colombiano :bconstrucción de un currículo intercultural a partir de las representaciones riberanas /cLuis Alfredo González Monroy, Aquiles Trespalacio Navarro, Simón José Esmeral Ariza. 1aSanta Marta :bEditorial Unimagdalena,c2022. a1 recurso en línea (157 páginas) atextobtxt2rdacontent/spa acomputadorabc2rdamedia/spa arecurso en líneabcr2rdacarrier/spa1 aColección Ciencias Sociales ; Serie Educación y Pedagogía a"Homenaje a: Simón José Esmeral Ariza". aIncluye índice. aIncluye referencias bibliográficas. aDescripción basada en metadatos suministrados por el editor y otras fuentes. aRecurso electrónico. Santa Fe, Arg.: elibro, 2023. Disponible vía World Wide Web. El acceso puede estar limitado para las bibliotecas afiliadas a elibro. 4aEducación interculturalxInvestigacioneszCaribe (Región, Colombia) 4aPlanificación curricularxInvestigacioneszCaribe (Región, Colombia) 4aRiberasxAspectos socialesxInvestigacioneszCaribe (Región, Colombia) 4aRevistas electrónicas.1 aTrespalacio Navarro, Aquiles,eautor.1 aEsmeral Ariza, Simón José,eautor.2 aelibro, Corp. 0aColección Ciencias Sociales ; Serie Educación y Pedagogía.40uhttps://elibro.net/ereader/politecnicointernacional/227074 cLIBROS c79129d79129